000 00872nam a2200265 i 4500
001 bg
245 0 0 _aAngielsko-polski słownik budowlany /
_c[transkrypcję fonetyczną oprac. Beata Łukaszewicz i Monika Opalińska].
250 _aWyd. 2 (dodr.).
260 _aWarszawa :
_bWydawnictwa Naukowo-Techniczne,
_c2007.
300 _a327, [3] s. ;
_c20 cm.
490 1 _aSłownik Podręczny
650 9 _aBudownictwo
_xterminologia
655 _aSłowniki angielsko-polskie
700 1 _aŁukaszewicz, Beata.
_eOprac.
700 1 _aOpalińska, Monika.
_eOprac.
830 _aSłownik Podręczny
020 _a9788320431063
040 _cBPK
041 0 _aeng
_apol
044 _aPOL
080 _a69(038)=111=162.1
942 _cKS
008 s pl f |000 0 pol
999 _c54710
_d54710
856 _uhttp://koha.tu.koszalin.pl/cgi-bin/koha/opac-detail.pl?biblionumber=54710
_yKatalog online BPK